000 00470nam a2200157 4500
001 144292
003 ES-MaACL
007 t|
008 070214s1984 sp r ||||1| spa d
100 1 _aSinger, Peter.
_9106630
245 1 0 _aEtica práctica /
_cPeter Singer ; [traducción de Marta I. Guastavino].
260 _aBarcelona :
_bAriel,
_c1984 (
_fDuplex)
300 _a288 p. ;
_c20 cm.
700 1 _aGuastavino, Marta I.
_960368
852 _aES-MaACL
_jL-6598
_bR.107772
999 _c144292
_d144292